000 00454nam a2200193Ia 4500
003 OSt
005 20260306112323.0
008 210210b1969 xxu||||| |||| 00| 0 eng d
040 _cAL
041 _aeng
082 _a823.912 ORCS
100 _aBaroness, Orczy
_9258002
245 _aScarlet pimpernel
260 _aLondon.
_bMacmillan & Co. Ltd.
_c1969
300 _a118p
690 _aEnglish Fiction
_9258003
906 _a030530
942 _2ddc
_cBK
999 _c81786
_d81786